000 00830cam a2200241 4500
001 WB3731-01
008 010810n2001 000 0 eng u
035 _a(Sirsi) u114052
245 _aNew construction orders: June 2001
260 _c2001
490 _aDTI Press Release
_v9 August 2001, (2)
520 _aNew construction orders from January to June 2001 increased by 2% compared to the same period last year, although orders in the 2Q 2001 fell by 12% compared to 2Q 2000. Tables and graphs available from the DTI website at http://www.dti.gov.uk.
590 _aWB
650 _aCONSTRUCTION ORDERS
650 _aPUBLIC HOUSING
650 _aDTI
650 _aPRIVATE HOUSING
650 _aCOMMERCIAL
650 _aInfrastructure
_96246
650 _aINDUSTRIAL
690 _aBUILT ENVIRONMENT
942 _n0
999 _c67982
_d67982